00968naa a22002897a 4500001001000000003000900010005001700019007000300036008003400039040005400073041000900127072002000136100002400156100001900180100002000199100001700219245010200236260004200338500010500380650002300485650000900508650001000517650001400527650001800541650001700559773010200576BR7804990BR-BrBNA20240918174150.0ta230509b bl.||||| |||| 00| 0 por d aBR-BrBNAbporcBiblioteca Nacional de Agricultura a(Pt) aH70b1720b35201 aMascarenhas, M.H.T.1 aSouza, R.J. de1 aSaturnino, H.M.1 aLara, J.F.R.1 aPerda de peso e deterioracao de bulbos de alho (Allium sativum L.)[Produto armazenado; Variedade]3 aBelo Horizonte, MG (Brasil): c1978.  aProjeto olericultura. Relatorio 76/77 Belo Horizonte, MG (Brasil): 1978. p. 38-43 (BR7804990-AM)H70  aProduto armazenado aAlho aBulbo aVariedade aArmazenamento aDeterioracao0 tProjeto olericultura. Relatorio 76/77wH70 BR7804990gBelo Horizonte, MG (Brasil), 1978. p. 38-43